Faculty of Law Library — Cairo University

Official Online Catalog

جرائم التعزيز المنظمة في المملكة العربية السعودية / (Record no. 45655)

MARC details
000 -LEADER
fixed length control field 01292nam a2200313 i 4500
003 - CONTROL NUMBER IDENTIFIER
control field EG-GICUC
005 - DATE AND TIME OF LATEST TRANSACTION
control field 20260121101337.0
008 - FIXED-LENGTH DATA ELEMENTS--GENERAL INFORMATION
fixed length control field 251123s1989 su ||||fr|||| 001 0 ara d
040 ## - CATALOGING SOURCE
Original cataloging agency EG-GICUC
Language of cataloging ara
Transcribing agency EG-GICUC
Modifying agency EG-GICUC
Description conventions rda
041 ## - LANGUAGE CODE
Language code of text/sound track or separate title ara
082 04 - DEWEY DECIMAL CLASSIFICATION NUMBER
Classification number 343.4
Item number ف ت . ج
Edition number 21
092 04 - LOCALLY ASSIGNED DEWEY CALL NUMBER (OCLC)
Edition number 21
099 ## - LOCAL FREE-TEXT CALL NUMBER (OCLC)
Classification number Law1 10 343.4 ف ت . ج 1 ed - 1989 1006910
100 0# - MAIN ENTRY--PERSONAL NAME
Personal name فتوح عبد الله الشاذلي.
Relator term مؤلف.
245 10 - TITLE STATEMENT
Title جرائم التعزيز المنظمة في المملكة العربية السعودية /
Statement of responsibility, etc. الدكتور فتوح عبد الله الشاذلي.
250 ## - EDITION STATEMENT
Edition statement الطبعة الأولى،
264 #1 - PRODUCTION, PUBLICATION, DISTRIBUTION, MANUFACTURE, AND COPYRIGHT NOTICE
Place of production, publication, distribution, manufacture الرياض :
Name of producer, publisher, distributor, manufacturer جامعة الملك سعود، عمادة شؤون المكتبات،
Date of production, publication, distribution, manufacture, or copyright notice 1989.
300 ## - PHYSICAL DESCRIPTION
Extent 422 صفحة ؛
Dimensions 24 سم.
Other physical details إيضاحيات، صور، مثيليات ؛
336 ## - CONTENT TYPE
Source rda content
Content type term text
337 ## - MEDIA TYPE
Source rda media
Media type term Computer
338 ## - CARRIER TYPE
Source rda carrier
Carrier type term Online Resource
504 ## - BIBLIOGRAPHY, ETC. NOTE
Bibliography, etc. note يشتمل على ارجاعات ببليوجرافية.
546 ## - LANGUAGE NOTE
Language note النص باللغة العربية
650 1# - SUBJECT ADDED ENTRY--TOPICAL TERM
Topical term or geographic name entry element التشريعات الجنائية الخاصة.
Source of heading or term qrmak
651 1# - SUBJECT ADDED ENTRY--GEOGRAPHIC NAME
Source of heading or term qrmak
856 40 - ELECTRONIC LOCATION AND ACCESS
Uniform Resource Identifier <a href="https://fll.law.cu.edu.eg/fulltext/bks/B10-06910.pdf">https://fll.law.cu.edu.eg/fulltext/bks/B10-06910.pdf</a>
905 ## - Cataloger and Reviser Names
Cataloger Name: Ramy
942 ## - ADDED ENTRY ELEMENTS (KOHA)
Source of classification or shelving scheme Dewey Decimal Classification
Suppress in OPAC No
Koha item type Books
Edition 21
Holdings
Withdrawn status Lost status Source of classification or shelving scheme Damaged status Not for loan Collection Home library Current library Date acquired Total checkouts Full call number Barcode Date last seen Copy number Price effective from Koha item type
    Dewey Decimal Classification   Not for loan القانون الجنائي جــــامعة القــاهرة مكتبة كلية الحقوق - المبنى الرئيسي 23.11.2025   Law1 10 343.4 ف ت . ج 1 ed - 1989 1006910 C1 B10-06910 23.11.2025 1 23.11.2025 Books
    Dewey Decimal Classification     القانون الجنائي جــــامعة القــاهرة مكتبة كلية الحقوق - المبنى الرئيسي 23.11.2025   Law1 10 343.4 ف ت . ج 1 ed - 1989 1006911 C2 B10-06911 23.11.2025 2 23.11.2025 Books
    Dewey Decimal Classification     القانون الجنائي جــــامعة القــاهرة مكتبة كلية الحقوق - المبنى الرئيسي 23.11.2025   Law2 10 343.4 ف ت . ج 1 ed - 1989 1006912 C3 B10-06912 23.11.2025 3 23.11.2025 Books

© All rights reserved — Faculty of Law, Cairo University